British Overseas Territories - Statistics

General Stats
  • This quiz has been taken 56 times
  • The average score is 10 of 15
Answer Stats
Hint Answer % Correct
A very famous triangle is named after it Bermuda
97%
A famous war took place here in 1982 Falkland Islands
92%
A tiny section of land on the Iberian Peninsula Gibraltar
89%
This was where Napoleon was exiled for the second time St Helena
86%
The US own a section of these islands too British Virgin Islands
84%
Revolted to regain its status as British Anguilla
70%
This territory no longer has permanent inhabitants British Indian Ocean Territory
68%
France captured these islands during the revolutionary war Montserrat
68%
The largest territory by population Cayman Islands
65%
These islands were found by mutineers of the HMS Bounty Pitcairn Islands
65%
Canada have been looking to receive the Islands from the UK Turks and Caicos
65%
A section of the most isolated continent on earth British Antarctic Territory
57%
These Islands are regarded as some of the most isolated in the world Tristan Da Cunha
54%
A very isolated Volcanic Island Ascension
51%
A very remote and inhospitable group of islands South Georgia and The South Sandwich Islands
30%
No matching quizzes found
Score Distribution
Percent of People with Each Score
Percentile by Number Answered
Your Score History
You have not taken this quiz